01645cam a2200397 a 4500999001700000001000900017005001700026008004100043010001700084020003000101020002700131020002400158020002100182020002700203020003100230035002400261037001700285040003500302050002200337082001900359100002800378245010500406246006000511246006200571260005300633300003300686490007900719504006200798650005600860650004500916650004700961830003801008906004501046942003301091952012301124 c16692d166921626687520161116120836.0100604s2011 paua j b 001 0 eng  a 2010021832 a9781422218235 (hardcover) a1422218236 (hardcover) a9781422220443 (ppb) a1422220443 (ppb) z9781422218112 (series) z9781422220320 (series ppb) a(OCoLC)ocn607975066 a1318108bQBI aDLCcDLCdQBXdBTCTAdON8dDLC00aLB1775b.M55 201100a371.1/00232221 aMiller, Malinda,d1979-10aTomorrow's teachers :burban leadership, empowering students & improving lives /cby Malinda Miller.30aUrban leadership, empowering students & improving lives3 aUrban leadership, empowering students and improving lives aBroomall, Pa. :bMason Crest Publishers,cc2011. a64 p. :bcol. ill. ;c24 cm.1 aNew careers for the 21st century : finding your role in the global renewal aIncludes bibliographical references (p. 59-61) and index. 0aTeachingxVocational guidancevJuvenile literature. 0aEffective teachingvJuvenile literature. 0aAcademic achievementvJuvenile literature. 0aNew careers for the 21st century. a7bcbccorignewd1eecipf20gy-gencatlg 2lcccBOOKShLB1775 .M55 2011 00102lcc4070aMUCbMUCcTECHd2016-11-16eDonation (BFA)l0oLB1775 .M55 2011p28020r2018-06-08w2016-11-16yBOOKS